The Brit Box: U.K. Indie, Shoegaze, and Brit-Pop Gems – Artists - Statistics

General Stats
  • This quiz has been taken 51 times
  • The average score is 17 of 78
Answer Stats
Disc Artist Song % Correct
Disc 1 The Smiths How Soon Is Now?
88%
Disc 3 Oasis Live Forever
70%
Disc 3 Pulp Common People
70%
Disc 1 The Cure Just Like Heaven
65%
Disc 1 The Stone Roses She Bangs the Drums
65%
Disc 3 Blur Tracy Jacks
55%
Disc 2 My Bloody Valentine Only Shallow
55%
Disc 1 Happy Mondays Step On
50%
Disc 2 Lush For Love
50%
Disc 3 Supergrass Alright
50%
Disc 1 The La’s There She Goes
50%
Disc 4 The Verve Lucky Man
48%
Disc 2 Ride Vapour Trail
45%
Disc 1 The Charlatans The Only One I Know
45%
Disc 1 The Jesus and Mary Chain April Skies
45%
Disc 1 The Sundays Here’s Where the Story Ends
45%
Disc 1 Cocteau Twins Lorelei
43%
Disc 1 Primal Scream Loaded (single version)
43%
Disc 3 James Laid
40%
Disc 3 Suede Metal Mickey
40%
Disc 4 Cornershop Brimful of Asha
33%
Disc 2 Chapterhouse Pearl
30%
Disc 2 Catherine Wheel I Want to Touch You
28%
Disc 2 Pale Saints Sight of You
28%
Disc 4 Spiritualized Ladies and Gentlemen We Are Floating in Space
28%
Disc 4 Ash Girl From Mars
25%
Disc 1 Echo & the Bunnymen Lips Like Sugar
25%
Disc 3 Elastica Stutter
25%
Disc 4 Kula Shaker Tattva
25%
Disc 4 Catatonia Mulder and Scully
23%
Disc 3 New Order Regret
23%
Disc 4 Sleeper Sale of the Century
23%
Disc 1 Inspiral Carpets This Is How It Feels
20%
Disc 2 Manic Street Preachers Stay Beautiful
20%
Disc 2 Curve Coast Is Clear
18%
Disc 3 The Boo Radleys Lazarus
18%
Disc 1 Felt Primitive Painters
15%
Disc 4 Ocean Colour Scene The Riverboat Song
15%
Disc 3 Swervedriver Duel (radio edit)
15%
Disc 1 The Primitives Crash
15%
Disc 4 Babybird You’re Gorgeous
13%
Disc 3 Echobelly Insomniac
13%
Disc 4 Mansun Wide Open Space
13%
Disc 4 Super Furry Animals Something 4 the Weekend
13%
Disc 4 The Bluetones Slight Return
13%
Disc 4 Dodgy In a Room
10%
Disc 3 Gene Sleep Well Tonight
10%
Disc 4 Hurricane #1 Step Into My World
10%
Disc 3 Menswear Sleeping In
10%
Disc 2 Ned’s Atomic Dustbin Grey Cell Green
10%
Disc 3 Saint Etienne You’re in a Bad Way
10%
Disc 1 Spacemen 3 Walkin’ With Jesus (Sound of Confusion)
10%
Disc 3 Stereolab Wow & Flutter
10%
Disc 2 Teenage Fanclub Star Sign
10%
Disc 1 Trashcan Sinatras Obscurity Knocks
10%
Disc 3 Cast Alright
8%
Disc 2 The Telescopes Flying
8%
Disc 1 The Wonder Stuff Unbearable
5%
Disc 4 Gay Dad Oh Jim
3%
Disc 3 Mega City Four Wallflower
3%
Disc 2 Moose This River Will Never Run Dry
3%
Disc 4 The Divine Comedy Something for the Weekend
3%
Disc 3 These Animal Men Speeed King
3%
Disc 2 Birdland Shoot You Down
0%
Disc 2 Bleach Trip & Slide
0%
Disc 3 Eugenius Breakfast
0%
Disc 2 Five Thirty You
0%
Disc 4 Marion Sleep
0%
Disc 3 Nick Heyward Kite
0%
Disc 4 Placebo You Don’t Care About Us
0%
Disc 4 Rialto Untouchable
0%
Disc 1 Shop Assistants Somewhere in China
0%
Disc 4 Silver Sun Service
0%
Disc 3 Superstar Barfly
0%
Disc 2 The Dylans (Don’t Cut Me Down) Mary Quant in Blue
0%
Disc 2 The Family Cat (Thought I’d Died) and Gone to Heaven
0%
Disc 1 The Mighty Lemon Drops My Biggest Thrill
0%
Disc 2 Thousand Yard Stare 0–0 A.E.T.
0%
No matching quizzes found
Score Distribution
Percent of People with Each Score
Percentile by Number Answered
Your Score History
You have not taken this quiz